Are Islamic Banks Managing Distributions to their Depositors? : (Record no. 529164)

000 -LEADER
fixed length control field 00527nam a22001577a 4500
020 ## - INTERNATIONAL STANDARD BOOK NUMBER
Qualifying information Hardcover.
082 ## - DEWEY DECIMAL CLASSIFICATION NUMBER
Classification number 210
100 ## - MAIN ENTRY--PERSONAL NAME
Personal name Sajjad, Saima
245 ## - TITLE STATEMENT
Title Are Islamic Banks Managing Distributions to their Depositors? :
Remainder of title Evidence From Full-Fledged Islamic Banks /
Statement of responsibility, etc. Saima Sajjad.
260 ## - PUBLICATION, DISTRIBUTION, ETC.
Place of publication, distribution, etc. Islamabad:
Name of publisher, distributor, etc. NBS - NUST,
Date of publication, distribution, etc. 2014.
300 ## - PHYSICAL DESCRIPTION
Extent 59 p.: ill.;
Dimensions 30cm.
942 ## - ADDED ENTRY ELEMENTS (KOHA)
Source of classification or shelving scheme
Koha item type Thesis
650 ## - SUBJECT ADDED ENTRY--TOPICAL TERM
Topical term or geographic name entry element HRM - MS Thesis
700 ## - ADDED ENTRY--PERSONAL NAME
Personal name Sup; Dr. Naukhez Sarwar
650 ## - SUBJECT ADDED ENTRY--TOPICAL TERM
-- 21029
700 ## - ADDED ENTRY--PERSONAL NAME
-- 21030
Holdings
Withdrawn status Lost status Source of classification or shelving scheme Damaged status Not for loan Permanent Location Current Location Shelving location Date acquired Full call number Barcode Date last seen Price effective from Non-public note Koha item type Total Checkouts
          Central Library (CL) Central Library (CL) Thesis 10/15/2019 658 CL-T-3665 10/15/2019 10/15/2019 Minute Sheet No. 0929/02/CL/Survey/5 dated 23rd April 2024 E-MIN ID 114741 Thesis  
          Central Library (CL) Central Library (CL) Thesis 10/22/2019 658 CL-T-3810 10/22/2019 10/22/2019   Thesis  
          Central Library (CL) Central Library (CL) Thesis 10/23/2019 658 CL-T-3825 10/23/2019 10/23/2019 Minute Sheet No. 0929/02/CL/Survey/5 dated 23rd April 2024 E-MIN ID 114741 Thesis  
© 2023 Central Library, National University of Sciences and Technology. All Rights Reserved.